Bureaucrats and beggars : French social policy in the Age of the Enlightenment
Αποθηκεύτηκε σε:
| Κύριος συγγραφέας: | |
|---|---|
| Μορφή: | Βιβλίο |
| Γλώσσα: | English |
| Δημοσίευση: |
New York :
Oxford University Press,
1990
|
| Θέματα: | |
| Ετικέτες: |
Προσθήκη ετικέτας
Δεν υπάρχουν, Καταχωρήστε ετικέτα πρώτοι!
|
MARC
| LEADER | 00000cam a2200000 i 4500 | ||
|---|---|---|---|
| 001 | 1/98001 | ||
| 008 | 950324s1990 eng d | ||
| 020 | |a 0-19-505168-8 | ||
| 035 | |l 10010770 | ||
| 040 | |a GR-MY-UA |b gre |e aacr | ||
| 041 | 0 | |a eng | |
| 082 | 0 | |a 362.585094409034 | |
| 100 | 1 | |a Adams, Thomas McStay. | |
| 245 | 1 | 0 | |a Bureaucrats and beggars : |b French social policy in the Age of the Enlightenment / |c Thomas McStay Adams |
| 260 | |a New York : |b Oxford University Press, |c 1990 | ||
| 300 | |a 384 p. |b ill. | ||
| 650 | 0 | 0 | |a Beggars |x Government policy |z France |x History |y 18th century. |
| 650 | 0 | 0 | |a Almshouses |z France |x History |y 18th century. |
| 852 | |a INST |b LESVOS |e 19950324 |h 362.58509440934 ADA |p 005100002683 |q 005100002683 |t BK |y 0 | ||
| 909 | |a Λ |b 039720 | ||